Aceptación del monto indemnizatorio ofrecido por la SRT. Reclamo ante la justicia por diferencias en la liquidación / (Registro nro. 6554)
[ vista simple ]
| 000 -LEADER | |
|---|---|
| fixed length control field | 01525nab a22002537a 4500 |
| 003 - CONTROL NUMBER IDENTIFIER | |
| control field | OSt |
| 005 - DATE AND TIME OF LATEST TRANSACTION | |
| control field | 20260224093109.0 |
| 008 - FIXED-LENGTH DATA ELEMENTS--GENERAL INFORMATION | |
| fixed length control field | 190506c xxu||||| |||| 00| 0 spa d |
| 040 ## - CATALOGING SOURCE | |
| Transcribing agency | PJ |
| 100 ## - MAIN ENTRY--PERSONAL NAME | |
| 9 (RLIN) | 7138 |
| Personal name | Peralta, Daniela Elizabet |
| 245 10 - TITLE STATEMENT | |
| Title | Aceptación del monto indemnizatorio ofrecido por la SRT. Reclamo ante la justicia por diferencias en la liquidación /<br/> |
| Statement of responsibility, etc | Daniela Elizabet Peralta. |
| 260 ## - PUBLICATION, DISTRIBUTION, ETC. (IMPRINT) | |
| Place of publication, distribution, etc | Buenos Aires : |
| Name of publisher, distributor, etc | AbeledoPerrot, |
| Date of publication, distribution, etc | 2024. |
| 300 ## - PHYSICAL DESCRIPTION | |
| Extent | p. 7-13 |
| 500 ## - GENERAL NOTE | |
| General note | Cita: TR LALEY AR/DOC/1503/2024. |
| 505 ## - FORMATTED CONTENTS NOTE | |
| Formatted contents note | Sumario: I. Introducción.— II. Nulidad del acuerdo homologado en sede administrativa por diferencias en liquidación. ¿Es posible?— III. Principio de gratuidad.— IV. Irrenunciabilidad de los derechos.— V. Carácter alimentario de la indemnización por incapacidad laboral. El trabajador como "sujeto de preferente tutela".— VI. Actualización monetaria.— VII. Irrenunciabilidad de los derechos.— VIII. Liquidación conforme ley 24.557, arts. 11 y 12 - trabajador eventual.— IX. Conclusión. |
| 505 ## - FORMATTED CONTENTS NOTE | |
| Title | ¿Te interesa el texto completo? Comunicate al correo: koha@justierradelfuego.gov.ar |
| 650 #0 - SUBJECT ADDED ENTRY--TOPICAL TERM | |
| 9 (RLIN) | 1316 |
| Topical term or geographic name as entry element | DERECHO LABORAL |
| 650 #0 - SUBJECT ADDED ENTRY--TOPICAL TERM | |
| 9 (RLIN) | 4942 |
| Topical term or geographic name as entry element | COMISIONES MÉDICAS |
| 650 #0 - SUBJECT ADDED ENTRY--TOPICAL TERM | |
| 9 (RLIN) | 5144 |
| Topical term or geographic name as entry element | ASEGURADOR POR RIESGOS DEL TRABAJO |
| 650 #0 - SUBJECT ADDED ENTRY--TOPICAL TERM | |
| 9 (RLIN) | 1406 |
| Topical term or geographic name as entry element | INCAPACIDAD LABORAL |
| 650 #0 - SUBJECT ADDED ENTRY--TOPICAL TERM | |
| 9 (RLIN) | 1482 |
| Topical term or geographic name as entry element | LEY SOBRE RIESGOS DEL TRABAJO |
| 773 0# - HOST ITEM ENTRY | |
| Host Biblionumber | 2751 |
| Host Itemnumber | 3202 |
| Place, publisher, and date of publication | Buenos Aires : AbeledoPerrot, 2013- |
| Title | Revista de derecho laboral y seguridad social. Nº 14 - Julio 2024 |
| 942 ## - ADDED ENTRY ELEMENTS (KOHA) | |
| Source of classification or shelving scheme | |
| Koha item type | Analítica Artículo de Revista |
No hay ítems disponibles.
